| 000 | 01186nam a22003377a 4500 | ||
|---|---|---|---|
| 001 | 55 | ||
| 003 | FISKH | ||
| 005 | 20230220112655.0 | ||
| 008 | 230220b cb ||||| |||| 00| 0 eng d | ||
| 010 | _a96014837 | ||
| 020 | _a0688145094 | ||
| 040 |
_aDLC _cDLC _dDLC _beng |
||
| 042 | _alcac | ||
| 050 | 0 | 0 |
_aPZ7.C67346 _bIad 1997 |
| 082 | 0 | 0 |
_a813.54 _220 |
| 100 | 1 | _aCole, Joanna. | |
| 245 | 1 | 0 |
_aI'm a big sister / _cby Joanna Cole ; illustrated by Maxie Chambliss. |
| 246 | 3 | _aI am a big sister | |
| 260 |
_aNew York : _bMorrow Junior Books, _cc1997. |
||
| 300 |
_a1 v. (unpaged) : _bcol. ill. ; _c19 cm. |
||
| 520 | _aA sister enumerates the joys of welcoming a new baby to the family and the advantages of already being "big." | ||
| 521 | 8 |
_a200 _bLexile |
|
| 521 | 8 |
_aD _bRaz-Plus |
|
| 650 | 1 |
_aSisters _xFiction. |
|
| 650 | 1 |
_aBabies _xFiction. |
|
| 700 | 1 |
_aChambliss, Maxie, _eill. |
|
| 856 | 4 | 2 |
_3Publisher description _uhttp://www.loc.gov/catdir/description/hc044/96014837.html |
| 856 | 4 | 2 |
_3Contributor biographical information _uhttp://www.loc.gov/catdir/enhancements/fy0911/96014837-b.html |
| 906 |
_a7 _bcbc _corignew _d1 _eocip _f19 _gy-gencatlg |
||
| 942 |
_2lcc _cBK _n0 |
||
| 999 |
_c55 _d55 |
||